000 00824nam a2200265 4500
999 _c13624
_d13624
003 MIRAKIL
005 20191121155853.0
008 191121b tu ||||| |||| 00| 0 tur d
020 _a9752974686
040 _aTR-AnCHP
_cTR-AnCHP
041 _atur
082 _a323.119159
_bÖ94c 2006
100 1 _aÖzkan, Tuncay
245 1 0 _aCIA kürtleri :
_bKürt devletinin gizli tarihi /
_cTuncay Özkan
246 _aKürt devletinin gizli tarihi
250 _a22 bs.
260 _aİstanbul:
_bAlfa yayınları,
_c2006.
300 _axııı,357 s.:
_c21 sm.
490 0 _aAlfa yayınları;
_aGüncel-Siyaset;
_v1449.
_v11.
504 _aDizin vardır.
650 0 _95116
_aKürtler
_xTarih
_zTürkiye
650 0 _95349
_aUluslararası ilişkiler
_xKürtler
740 _aKürt devletinin gizli tarihi
942 _2ddc
_cBKS